000 00614nam a2200217Ia 4500
005 20260115172629.0
008 008 260114s9999 xx 000 0 eng d
020 _a9781447325512
037 _aEBOOK
040 _aCRL
_beng
_cCRL
041 _aeng
_2eng
084 _qCRL
100 _aHuman Rights Watch
_9876914
245 0 _aWorld Report 2016
260 _bBristol University Press
260 _bCambridge University Press
260 _c2022
856 _uhttps://www.cambridge.org/core/books/world-report-2016/8B261891675A84F65E1EC5C2340DE8A8
942 _cEBOOK
999 _c1475519
_d1475519